000 00383nab a22001097u 4500
008 130520b2005 xxu||||| |||| 00| 0 spa d
041 _aspa
100 1 _aGuerra de Armas, José Luis
_974254
245 0 0 _aLa Sacrosanctum Concilium, carta magna de la participación activa
_cJosé Luis Guerra De Armas
773 0 _tAlmogaren
_gnº37,2005,págs. 285-304
_x1695-2669
_wRev13
942 _cAR
999 _c378895
_d378895